| 000 | 00733cab a2200241 4500 | ||
|---|---|---|---|
| 001 | ABS55859 | ||
| 008 | 090401t1996 xxu||||| |||| 00| 0 eng d | ||
| 035 | _a(Sirsi) u19200 | ||
| 041 | _aeng | ||
| 100 | _aCollar, N. | ||
| 245 | _aSection 50 agreements | ||
| 260 | _c1996 | ||
| 350 | _a0 | ||
| 490 |
_aJournal of the Law Society of Scotland _v41(8) August 1996, 302-304(3) |
||
| 520 | _aExamines the use of section 50 agreements under the Town and Country Planning (Scotland) Act 1972. | ||
| 650 | _aPLANNING AGREEMENTS | ||
| 650 | _aSCOTLAND | ||
| 650 | _aSECTION 50 AGREEMENTS | ||
| 650 | _aTOWN AND COUNTRY PLANNING (SCOTLAND) ACT 1972 | ||
| 690 | _aPLANNING LAW AND PRACTICE | ||
| 942 | _n0 | ||
| 948 | _c04/03/1997 | ||
| 999 |
_c12792 _d12792 |
||